<?xml version="1.0" encoding="UTF-8"?>
<collection xmlns="http://www.loc.gov/MARC21/slim">
 <record>
  <leader>01318nam a22002057a 4500</leader>
  <controlfield tag="001">NCT_4_003384</controlfield>
  <controlfield tag="008">220617b        xxu||||| |||| 00| 0 vie d</controlfield>
  <datafield tag="999" ind1=" " ind2=" ">
   <subfield code="c">8041</subfield>
   <subfield code="d">8041</subfield>
  </datafield>
  <datafield tag="020" ind1=" " ind2=" ">
   <subfield code="c">5000</subfield>
  </datafield>
  <datafield tag="082" ind1="0" ind2="4">
   <subfield code="2">23rd ed.</subfield>
   <subfield code="a">895.63</subfield>
   <subfield code="b">T111/T.12</subfield>
  </datafield>
  <datafield tag="100" ind1="1" ind2=" ">
   <subfield code="a">Watanabe, Taeko</subfield>
  </datafield>
  <datafield tag="245" ind1="1" ind2="0">
   <subfield code="a">Hajime là số 1 :</subfield>
   <subfield code="b">Truyện tranh </subfield>
   <subfield code="n">Tập 12</subfield>
   <subfield code="c">Watanabe Taeko ; Minh Huệ (Dịch)</subfield>
  </datafield>
  <datafield tag="260" ind1=" " ind2=" ">
   <subfield code="a">Tp. Hồ Chí Minh</subfield>
   <subfield code="b">Trẻ</subfield>
   <subfield code="c">2009</subfield>
  </datafield>
  <datafield tag="300" ind1=" " ind2=" ">
   <subfield code="a">185 tr.</subfield>
   <subfield code="b">Tranh vẽ</subfield>
   <subfield code="c">18cm</subfield>
  </datafield>
  <datafield tag="520" ind1="3" ind2=" ">
   <subfield code="a">Câu chuyện kể về 5 cậu bé trong một gia đình nghèo khó, đột nhiên lọt vào mắt xanh của một công ty sản xuất băng dĩa chuyên lăng xê thần tượng ca nhạc. Thế giới phức tạp của ngành giải trí đã gây ra bao nhiêu rắc rối cho những cậu bé mới chân ướt chân ráo này và cô chị Hajime tuy đanh đá dữ dằn nhưng laị rất thương em, cứ phải đứng ra giải quyết. </subfield>
  </datafield>
  <datafield tag="653" ind1=" " ind2=" ">
   <subfield code="a">Tham khảo</subfield>
  </datafield>
  <datafield tag="700" ind1="0" ind2=" ">
   <subfield code="a">Minh Huệ</subfield>
   <subfield code="e">Dịch</subfield>
  </datafield>
  <datafield tag="942" ind1=" " ind2=" ">
   <subfield code="2">ddc</subfield>
   <subfield code="c">BK</subfield>
  </datafield>
  <datafield tag="952" ind1=" " ind2=" ">
   <subfield code="0">0</subfield>
   <subfield code="1">0</subfield>
   <subfield code="2">ddc</subfield>
   <subfield code="4">0</subfield>
   <subfield code="6">895_630000000000000_T111_T_12</subfield>
   <subfield code="7">0</subfield>
   <subfield code="9">28424</subfield>
   <subfield code="a">000001</subfield>
   <subfield code="b">000001</subfield>
   <subfield code="d">2024-02-19</subfield>
   <subfield code="o">895.63 T111/T.12</subfield>
   <subfield code="p">TK.03906</subfield>
   <subfield code="r">2024-02-19</subfield>
   <subfield code="v">5000.00</subfield>
   <subfield code="w">2024-02-19</subfield>
   <subfield code="y">BK</subfield>
  </datafield>
  <datafield tag="980" ind1=" " ind2=" ">
   <subfield code="a">Thư viện Trường Đại học Nam Cần Thơ</subfield>
  </datafield>
 </record>
</collection>
